ნორმალური ფორმატი
MARC ფორმატი
ჩანაწერი Personal Name
ჩანაწერთა რაოდენობა, რომელიც გამოყენებულია: 5
001 - CONTROL NUMBER
- control field: 1974
003 - CONTROL NUMBER IDENTIFIER
- control field: GE_BSU
005 - DATE AND TIME OF LATEST TRANSACTION
- control field: 20190603150734.0
008 - FIXED-LENGTH DATA ELEMENTS
- fixed length control field: 190603|| aca||aabn | a|a d
040 ## - CATALOGING SOURCE
- Original cataloging agency: GE_BSU
- Transcribing agency: GE_BSU
100 ## - HEADING--PERSONAL NAME
- Personal name: გოგილაშვილი, ვ.
670 ## - SOURCE DATA FOUND
- Source citation: Work cat.: (GE_BSU)37648: გოგილაშვილი, ვ. , მექანიზმების რხევები, გაწონასწორება და ვიბროდაცვა : ლექციების კონსპექტი /
